000 005260000a22001930004500
020 _a0-942723-13-9
041 0 _aENG
082 0 4 _aG 649.125 S6672p
100 1 _aSmyth, Paul A.
245 1 0 _aParent survival training : A guide for parents of teenagers / Paul A. Smyth, Janet Benner
250 _a2
260 _aSanta Barbara, CA., USA : Joelle
300 _a126 Pag
001 10582
942 _cBK
999 _c40098
_d40098
336 _atexto
_btxt
_2rdacontent
337 _2rdamedia
_asin mediación
_bn
338 _2rdacarrier
_avolumen
_bnc